| 000 | 01052pam a2200277 a 4500 | ||
|---|---|---|---|
| 001 | 2143892 | ||
| 003 | ARRUPE | ||
| 005 | 20131203133511.0 | ||
| 008 | 980729s1998 caua b 000 0 eng | ||
| 010 | _a 98039639 | ||
| 020 | _a157324080X | ||
| 040 |
_aDLC _cDLC _dDLC |
||
| 050 | 0 | 0 |
_aBL619.P5 _bC67 1998 |
| 082 | 0 | 0 |
_a291.3/51 _221 |
| 100 | 1 |
_aCousineau, Phil. _94737 |
|
| 245 | 1 | 4 |
_aThe art of pilgrimage : _bthe seeker's guide to making travel sacred / _cPhil Cousineau ; foreword by Huston Smith ; original photographs by Phil Cousineau. |
| 260 |
_aBerkeley, Calif. : _bConari Press, _cc1998. |
||
| 300 |
_axxx, 254 p. : _bill. ; _c21 cm. |
||
| 504 | _aIncludes bibliographical references (p. [239]-246). | ||
| 650 | 0 |
_aTravel _xReligious aspects. _94738 |
|
| 650 | 0 |
_aPilgrims and pilgrimages. _94739 |
|
| 906 |
_a7 _bcbc _corignew _d1 _eocip _f19 _gy-gencatlg |
||
| 942 |
_2lcc _cMONOGRAPH |
||
| 999 |
_c118946 _d118946 |
||